National Animals of Every Country - Statistics

General Stats
  • This quiz has been taken 1,159 times
  • The average score is 103 of 206
Answer Stats
Country Animal % Correct
South Sudan | Zambia | Zimbabwe African Fish {Eagle}
92%
Austria (Mythical) Austrian {Bundesadler}
92%
United States Bald {Eagle}
92%
Germany Bundesadler
92%
Russia (Mythical) Double-Headed {Eagle}
92%
Albania | Ghana | Nigeria Eagle
92%
Kazakhstan | Mexico Golden {Eagle}
92%
Panama Harpy {Eagle}
92%
Philippines Philippine {Eagle}
92%
Egypt Steppe {Eagle}
92%
Brunei White-Bellied Sea {Eagle}
92%
Serbia (Mythical) White {Eagle}
92%
Poland White-Tailed {Eagle}
92%
Iran Asiatic {Lion}
90%
Czechia (Mythical) Double-Tailed {Lion}
90%
Belgium (Mythical) Leo Belgicus
90%
Bulgaria | Cameroon | Ethiopia | +14 others Lion
90%
Bangladesh Bengal {Tiger}
89%
Malaysia Malayan {Tiger}
89%
India Royal Bengal {Tiger}
89%
South Korea Siberian {Tiger}
89%
Algeria Fennex {Fox}
86%
Yemen Arabian {Leopard}
85%
Benin | Rwanda | Somalia Leopard
85%
Iran Persian {Leopard}
85%
Afghanistan | Pakistan Snow {Leopard}
85%
Finland Brown {Bear}
81%
Russia Eurasian Brown {Bear}
81%
Ivory Coast African {Elephant}
78%
Thailand Elephant
78%
India | Laos Indian {Elephant}
78%
China (Mythical) Chinese {Dragon}
76%
Bhutan (Mythical) Druk
76%
Australia Red {Kangaroo}
72%
Vietnam Water {Buffalo}
71%
Turkmenistan Akhal-Teke {Horse}
68%
Canada Canadian {Horse}
68%
North Korea (Mythical) Chollima
68%
Norway Fjord {Horse}
68%
Turkey Grey {Wolf}
68%
Portugal Iberian {Wolf}
68%
Italy Italian {Wolf}
68%
Azerbaijan Karabakh {Horse}
68%
Mongolia Mongolian Wild {Horse}
68%
Hungary (Mythical) Turul
68%
Estonia | Serbia Wolf
68%
Spain Bull
67%
China Giant {Panda}
67%
Antigua and Barbuda Fallow {Deer}
63%
Chile Huemul {Deer}
63%
Ireland Red {Deer}
63%
Costa Rica | Honduras White-Tailed {Deer}
63%
Mexico Xoloitzcuintli
62%
Malta Pharaoh {Hound}
61%
Moldova Aurochs
60%
Nepal Cow
60%
Madagascar Zebu
60%
Antigua and Barbuda Hawksbill {Turtle}
58%
Cambodia Royal {Turtle}
58%
Sri Lanka Sri Lankan {Junglefowl}
58%
Greece Dolphin
57%
India Ganges River {Dolphin}
57%
Pakistan Indus River {Dolphin}
57%
Liechtenstein Kestrel
57%
Iceland Gyr{falcon}
56%
United Arab Emirates Peregrine {Falcon}
56%
Pakistan Shaheen {Falcon}
56%
Sweden Elk/Moose
54%
Thailand Siamese Fighting {Fish}
54%
Botswana Plains {Zebra}
53%
Tanzania Giraffe
52%
United States American {Bison}
51%
Belarus | Poland European {Bison}
51%
Eritrea | Kuwait Arabian {Camel}
50%
Madagascar Ring-Tailed {Lemur}
50%
India King {Cobra}
49%
New Zealand Kiwi
49%
Canada North American {Beaver}
49%
Australia Emu
48%
Ecuador Galapagos {Tortoise}
47%
East Timor Crocodile
45%
Pakistan Indus {Crocodile}
45%
Guyana | Mexico Jaguar
45%
Pakistan Markhor
45%
St. Lucia Saint Lucia {Parrot}
44%
St. Vincent and the Grenadines Saint Vincent {Parrot}
44%
Dominica Sisserou {Parrot}
44%
Chile | Colombia | Ecuador Andean {Condor}
43%
Cyprus Cypriot {Mouflon}
42%
Bahrain | Jordan | Oman | +2 others Arabian {Oryx}
40%
France Gallic {Rooster}
40%
Namibia Oryx
40%
Portugal (Mythical) {Rooster} of Barcelos
40%
Denmark Mute {Swan}
38%
Peru Vicuña
38%
Finland Whooper {Swan}
38%
Gabon Black {Panther}
36%
Romania | Serbia Lynx
35%
Grenada Grenada {Dove}
34%
Indonesia Komodo Dragon
34%
Samoa Manumea (Tooth-Billed {Pigeon})
34%
Palau Palau Fruit {Dove}
34%
Nigeria Black Crowned {Crane}
33%
South Africa Blue {Crane}
33%
Uganda Grey Crowned {Crane}
33%
China Red-Crowned {Crane}
33%
Bolivia Llama
32%
Ecuador Frog
31%
Zimbabwe Sable {Antelope}
31%
Lebanon Striped {Hyena}
31%
India Indian {Peacock}
29%
Mauritius Dodo
25%
Bahamas Flamingo
24%
Denmark Red {Squirrel}
23%
Belize Keel-Billed {Toucan}
22%
Belize Baird's {Tapir}
21%
Austria Barn {Swallow}
20%
Finland Holly Blue {Butterfly}
20%
Bangladesh Magpie {Robin}
20%
Denmark Small Tortoiseshell {Butterfly}
20%
Lithuania | Poland White {Stork}
19%
South Africa Springbok
18%
St. Kitts and Nevis Brown {Pelican}
17%
Cambodia Giant Mekong {Barb}
17%
Lebanon (Mythical) Phoenix
17%
Croatia Pine {Marten}
17%
Cambodia Giant {Ibis}
16%
Guatemala Quetzal
16%
Jamaica Red-Billed {Streamertail}
16%
Trinidad and Tobago Scarlet {Ibis}
16%
Costa Rica West Indian {Manatee}
16%
Japan Carp
14%
Antigua and Barbuda Frigate
13%
Kiribati Magnificent {Frigate}bird
13%
Japan Green {Pheasant}
12%
D.R. Congo Okapi
12%
Finland Seven-Spot {Ladybird}
11%
Latvia Two-Spotted {Ladybird}
11%
Mexico Vaquita {Porpoise}
11%
Papua New Guinea Dugong
8%
United Kingdom Bulldog
7%
Indonesia (Mythical) Garuda
6%
Israel Hoopoe
6%
Bangladesh Ilish
6%
Brazil Rufous-Bellied {Thrush}
6%
Costa Rica Yigüirro (Clay-Coloured Thrush)
6%
Iraq | Pakistan Chukar {Partridge}
5%
Cuba Cuban {Trogon}
5%
Haiti Hispaniolan {Trogon}
5%
El Salvador | Nicaragua Turquoise-Browed {Motmot}
5%
Sweden Eurasian {Blackbird}
4%
Mexico Grasshopper
4%
Angola Red-Crested {Turaco}
4%
Argentina Rufous {Hornero}
4%
Nepal Danphe (Himilayan {Monal})
3%
Finland European {Perch}
3%
Cambodia Kouprey
3%
Latvia White {Wagtail}
3%
Netherlands Black-Tailed {Godwit}
2%
Ukraine Nightingale
2%
Uruguay Southern {Lapwing}
2%
Bhutan Takin
2%
Venezuela Venezuelan {Troupial}
2%
Norway White-Throated {Dipper}
2%
Trinidad and Tobago {Cocrico} (Rufous-Vented Chachalaca)
1%
South Africa Galjoen
1%
No matching quizzes found
Score Distribution
Percent of People with Each Score
Percentile by Number Answered
Your Score History
You have not taken this quiz